00573 2200205 4500001002100000005001500021035002000036007000300056008004100059020002200100082000800122084001400130100002300144245007300167260003500240300001900275650002500294856003200319990001600351INLIS00000000000796520251218034020 a0010-1225000314ta251218 0 ind  a978-979-518-697-7 a614 a614 UMA h0 aUmar Fahmi Achmadi1 aHorison Baru :bKesehatan Masyarakat Indonesia /cUmar Fahmi Achmadi aJakarta :bRineka Cipta,c2008 a263p. ;c24cm. 4akesehatan masyarakat aAlumni Kesehatan Masyarakat a00000013461